Metabonomics and Gut Microbiota in Nutrition and Disease

This book provides a comprehensive overview of metabonomics and gut microbiota research from molecular analysis to population-based global health considerations. The topics include the discussion of the applications in relation to metabonomics and gut microbiota in nutritional research, in health an...

Full description

Bibliographic Details
Corporate Author: SpringerLink (Online service)
Other Authors: Kochhar, Sunil (Editor), Martin, François-Pierre (Editor)
Format: Electronic eBook
Language:English
Published: London : Springer London : Imprint: Springer, 2015.
Series:Molecular and Integrative Toxicology,
Subjects:
Online Access:Full Text via HEAL-Link
LEADER 05736nam a22005175i 4500
001 978-1-4471-6539-2
003 DE-He213
005 20151029221507.0
007 cr nn 008mamaa
008 141021s2015 xxk| s |||| 0|eng d
020 |a 9781447165392  |9 978-1-4471-6539-2 
024 7 |a 10.1007/978-1-4471-6539-2  |2 doi 
040 |d GrThAP 
050 4 |a RM1-950 
072 7 |a MMG  |2 bicssc 
072 7 |a MED071000  |2 bisacsh 
082 0 4 |a 615  |2 23 
245 1 0 |a Metabonomics and Gut Microbiota in Nutrition and Disease  |h [electronic resource] /  |c edited by Sunil Kochhar, François-Pierre Martin. 
264 1 |a London :  |b Springer London :  |b Imprint: Springer,  |c 2015. 
300 |a XVI, 375 p. 54 illus., 43 illus. in color.  |b online resource. 
336 |a text  |b txt  |2 rdacontent 
337 |a computer  |b c  |2 rdamedia 
338 |a online resource  |b cr  |2 rdacarrier 
347 |a text file  |b PDF  |2 rda 
490 1 |a Molecular and Integrative Toxicology,  |x 2168-4219 
505 0 |a Introduction to Metabolomics in systems biology research -- Metabolomics in clinical practice.-Adopting multivariate non-parametric tools to determine genotype-phenotype interactions in health and disease -- Metabolomics in Translational Research for Personalized Medicine and Nutrition -- Can we use Metabolomics to Understand Changes to Gut Microbiota Populations and Function? A Nutritional Perspective -- Automated annotation of microbial and human flavonoid derived metabolites -- Metabonomics in neonatal and paediatric research: Studying and modulating gut functional ecology for optimal growth and development -- Metabolomics and Milk: the Development of the Microbiota in Breast Fed Infants -- Metabonomics and gut microbial paradigm in healthy ageing -- Roles of herbal medicine in modulating gut microbiota associated with health and diseases -- Gut microbiota and metabolic diseases: from pathogenesis to therapeutic perspective -- Role of microbiota in regulating host lipid metabolism and disease risk -- Role of the Gut Microbiota in Maintaining GI Health: Highlights on Inflammatory Bowel Disease -- Deciphering the gut microbial contribution to the aetiology of autism development -- The Modulation of Drug Efficacy and Toxicity by the Gut Microbiome -- Understanding the benefits of bariatric surgery on gut physiology: implications for obesity, type 2 diabetes and cardiovascular disease. 
520 |a This book provides a comprehensive overview of metabonomics and gut microbiota research from molecular analysis to population-based global health considerations. The topics include the discussion of the applications in relation to metabonomics and gut microbiota in nutritional research, in health and disease and a review of future therapeutical, nutraceutical and clinical applications. It also examines the translatability of systems biology approaches into applied clinical research and to patient health and nutrition. The rise in multifactorial disorders, the lack of understanding of the molecular processes at play and the needs for disease prediction in asymptomatic conditions are some of the many questions that system biology approaches are well suited to address. Achieving this goal lies in our ability to model and understand the complex web of interactions between genetics, metabolism, environmental factors, and gut microbiota. Being the most densely populated microbial ecosystem on earth, gut microbiota co-evolved as a key component of human biology, essentially extending the physiological definition of humans. Major advances in microbiome research have shown that the contribution of the intestinal microbiota to the overall health status of the host has been so far underestimated. Human host gut microbial interaction is one of the most significant human health considerations of the present day with relevance for both prevention of disease via microbiota-oriented environmental protection as well as strategies for new therapeutic approaches using microbiota as targets and/or biomarkers. In many aspects, humans are not a complete and fully healthy organism without their appropriate microbiological components. Increasingly, scientific evidence identifies gut microbiota as a key biological interface between human genetics and environmental conditions encompassing nutrition. Microbiota dysbiosis or variation in metabolic activity has been associated with metabolic deregulation (e.g. obesity, inflammatory bowel disease), disease risk factor (e.g. coronary heart disease) and even the aetiology of various pathologies (e.g. autism, cancer), although causal role into impaired metabolism still needs to be established. Metabonomics and Gut Microbiota in Nutrition and Disease serves as a handbook for postgraduate students, researchers in life sciences or health sciences, scientists in academic and industrial environments working in application areas as diverse as health, disease, nutrition, microbial research and human clinical medicine.  . 
650 0 |a Medicine. 
650 0 |a Medical microbiology. 
650 0 |a Pharmacology. 
650 0 |a Food  |x Biotechnology. 
650 0 |a Nutrition. 
650 1 4 |a Biomedicine. 
650 2 4 |a Pharmacology/Toxicology. 
650 2 4 |a Medical Microbiology. 
650 2 4 |a Food Science. 
650 2 4 |a Nutrition. 
700 1 |a Kochhar, Sunil.  |e editor. 
700 1 |a Martin, François-Pierre.  |e editor. 
710 2 |a SpringerLink (Online service) 
773 0 |t Springer eBooks 
776 0 8 |i Printed edition:  |z 9781447165385 
830 0 |a Molecular and Integrative Toxicology,  |x 2168-4219 
856 4 0 |u http://dx.doi.org/10.1007/978-1-4471-6539-2  |z Full Text via HEAL-Link 
912 |a ZDB-2-SBL 
950 |a Biomedical and Life Sciences (Springer-11642)